| 000 | 00388nam a22001337a 4500 | ||
|---|---|---|---|
| 999 |
_c534088 _d534088 |
||
| 040 | _cMSOHAIL | ||
| 082 | _a297.1243 | ||
| 100 |
_aAllama Waheed-Uz-Zaman _928217 |
||
| 245 |
_aSahih Muslim Shareef Mah Mukhtasar ....../ Vol - 1 -3 _cعلامہ وحید الزماں |
||
| 250 | _aVol - 1 -3 | ||
| 260 |
_aLahore _bMaktaba Islamia _cc2006 |
||
| 300 | _a819;p ; 730 ; 936 | ||
| 942 |
_2ddc _cBK |
||